Amistad y memoria /

Збережено в:
Бібліографічні деталі
Автор: Lledó, Emilio (autor)
Формат: Книга
Мова:Іспанська
Опубліковано: Monterrey, México : México : Universidad Autónoma de Nuevo León ; Fineo, 2008, c2008
Серія:(Esenciales Fineo)
Предмети:
Теги: Додати тег
Немає тегів, Будьте першим, хто поставить тег для цього запису!

MARC

LEADER 00000nam^a2200000^a^4500
001 000395473
005 20250521000000.0
009 20260310121404.063
020 |a 978-970-9957-nn-n 
025 |a Donación Buena Prensa, 1 ejemplar (noviembre 2016) 
037 |a Acervo Xavier Clavigero 
041 |a ESP 
082 |a 149. 94  |b LLE 
100 |a Lledó, Emilio  |e (autor) 
245 1 0 |a Amistad y memoria /  |c E. Lledó. 
264 4 |a Monterrey, México :  |b Universidad Autónoma de Nuevo León ;  |a México :  |b Fineo,  |c 2008, c2008 
300 |a 182 p. 
336 |a texto  |b txt  |2 rdacontenido 
337 |a sin mediación  |b n  |2 rdamedio 
338 |a volumen  |b nc  |2 rdasoporte 
440 1 |a (Esenciales Fineo) 
649 |a XX 
650 |a Símbolos 
650 |a Lenguaje -  |x Tema Principal 
650 |a Memoria -  |x Filosofía 
650 |a Amistad 
650 |a Ideología 
650 |a Hermenéutica 
650 |a Filosofía del Lenguaje -  |x Tema Principal 
650 |a Filosofía Griega -  |x Historia y Crítica -  |x Tema Principal 
650 |a Filosofía Clásica -  |x Historia y Crítica 
650 |a Filosofía Española 
910 |a Fondo General 
920 |a Impresos - Libros 
930 |a Colección General 
905 |a 101 
901 |a 0500290658  |b IT1  |c ACC  |i FXC D  |u 20250521 
902 |a https://opac.biblio.iteso.mx/vufind/Record/000395473